Účtovné zobrazenie vybraného poistného produktu v rámci neživotného poistenia diplomová práca

Saved in:
Bibliographic Details
Main Author: Török, Lukáš
Corporate Author: Fakulta hospodárskej informatiky EU. Katedra účtovníctva a audítorstva
Other Authors: Juhászová, Zuzana, 1970-
Format: Book
Language:Slovak
Published: Bratislava 2009
Tags: Add Tag
No Tags, Be the first to tag this record!

MARC

LEADER 00000nam$a2200000$$$4500
001 0101006
005 20240318134959.0
041 0 |a slo 
044 |a SK 
245 1 0 |a Účtovné zobrazenie vybraného poistného produktu v rámci neživotného poistenia  |b diplomová práca  |c Lukáš Török ; škol. Zuzana Juhászová 
264 1 |a Bratislava  |c 2009 
300 |a 62 s. 
100 1 |a Török, Lukáš 
700 1 |a Juhászová, Zuzana, 1970- 
710 2 |a Fakulta hospodárskej informatiky EU. Katedra účtovníctva a audítorstva